00555 2200193 4500001002100000005001500021035002000036245011700056100001800173250001100191300002300202260004200225082001100267084001700278020002200295650002200317990001100339990001100350INLIS00000000000173620241122023537 a0010-11240000221 aThe Power Of Thinking Big :bDahsayatnya Berpikir Besar untuk Hidup Bahagia dan penuh Keajaiban /cDenieda Fanun0 aDenieda Fanun acet. 1 a232 hlm ;c20,5 cm aYogyakarta :bAraska Publisher,c2021 a155.25 a155.25 DEN t a978-623-7910-04-6 4aPengembangan Diri a003601 a003600